Les Nationalités représentées en Premier League - Statistiques

Statistiques générales
  • Ce quiz a été pris 986 fois
    291 depuis la dernière actualisation
  • Le résultat moyen est 47 sur 62
Statistiques - réponses
Nombre de Joueurs Continent Nationalité % Correct
149 UEFA Anglais/Angleterre
100%
21 UEFA Français/France
100%
31 CONMEBOL Brésilien/Brésil
99%
17 UEFA Espagnol/Espagne
99%
20 UEFA Portugais/Portugal
97%
12 UEFA Allemand/Allemagne
96%
11 CONMEBOL Argentin/Argentine
96%
9 UEFA Italien/Italie
96%
10 UEFA Belge/Belgique
95%
3 CAF Marocain/Maroc
93%
1 CAF Algérien/Algérie
92%
20 UEFA Néerlandais/Pays-Bas
92%
17 UEFA Irlandais/Irlande
91%
5 AFC Japonais/Japon
90%
6 UEFA Norvégien/Norvège
90%
9 UEFA Suédois/Suède
90%
5 CAF Sénégalais/Sénégal
89%
2 UEFA Suisse
89%
6 CONMEBOL Colombien/Colombie
87%
11 UEFA Écossais/Écosse
86%
4 CONCACAF Américain/Etats-Unis
85%
2 CAF Égyptien/Égypte
85%
16 UEFA Danois/Danemark
84%
3 CONCACAF Mexicain/Mexique
84%
6 UEFA Polonais/Pologne
84%
5 UEFA Ukrainien/Ukraine
84%
4 AFC Australien/Australie
82%
3 CAF Camerounais/Cameroun
82%
1 UEFA Finlandais/Finlande
82%
4 CONMEBOL Uruguayen/Uruguay
82%
1 UEFA Slovaque/Slovaquie
81%
5 CAF Ivoirien/Côte d'Ivoire
80%
2 UEFA Croate/Croatie
79%
3 AFC Sud-Coréen/Corée du Sud
79%
1 UEFA Autrichien/Autriche
78%
1 CONMEBOL Chilien/Chili
78%
3 UEFA Grec/Grèce
78%
4 UEFA Turc/Turquie
78%
8 CAF Nigérian/Nigeria
77%
3 UEFA Tchèque/République Tchèque
77%
9 UEFA Gallois/Pays de Galles
76%
3 UEFA Serbe/Serbie
76%
2 UEFA Hongrois/Hongrie
73%
4 CAF Malien/Mali
73%
1 UEFA Roumain/Roumanie
72%
2 CONMEBOL Équatorien/Équateur
71%
1 UEFA Islandais/Islande
70%
8 CAF Ghanéen/Ghana
69%
1 OFC Néo-Zélandais/Nouvelle-Zélande
68%
2 UEFA Nord-Irlandais/Irlande du Nord
66%
1 UEFA Albanais/Albanie
65%
4 CONMEBOL Paraguayen/Paraguay
63%
4 CONCACAF Jamaïcain/Jamaïque
58%
1 UEFA Bosnien/Bosnie-Herzégovine
55%
1 UEFA Kosovar/Kosovo
51%
1 CAF Gabonais/Gabon
45%
2 CAF Congolais/République Démocratique du Congo
40%
1 AFC Irakien/Irak
40%
1 CAF Zambien/Zambie
34%
1 CAF Bissauguinéen/Guinée-Bissau
33%
1 CAF Burkinabé/Burkina-Faso
27%
1 CAF Gambien/Gambia
4%
Aucun quiz correspondant
Distribution des résultats
% des personnes avec chaque résultat
Percentile par nombre de réponses
Votre historique - résultats
Vous n’avez pas pris ce quiz depuis la dernière actualisation